| 000 | 00865cam a2200217 4500 | ||
|---|---|---|---|
| 001 | WB3941-09 | ||
| 008 | 031029n2003 000 0 eng u | ||
| 035 | _a(Sirsi) u124149 | ||
| 245 | _aDublin house prices fall for first time since 2002 | ||
| 260 | _c2003 | ||
| 490 |
_aPermanent TSB Press Release _v 28 October 2003 (2) |
||
| 520 | _aDublin house prices fell 0.6% in September, the first monthly fall since January 2002, according to the latest Permanent TSB/RSRI house price index. Prices throughout the rest of the Republic continued to rise in September, up 0.7%. http://www.permanenttsb.ie/content/news_view.asp?nid=224. | ||
| 590 | _aWB | ||
| 650 | _aHOUSE PRICE INDEX | ||
| 650 | _aDUBLIN | ||
| 650 | _aEIRE | ||
| 650 | _aHOUSES PRICES | ||
| 650 | _aGROWTH | ||
| 690 | _aPROPERTY-RESIDENTIAL PROPERTY-RESIDENTIAL PROPERTY MARKET | ||
| 942 | _n0 | ||
| 999 |
_c73685 _d73685 |
||